Duck's Quiz Questions 1 - Road Trip (Choro-Q HG2) - Statistics

General Stats
  • This quiz has been taken 40 times
  • The average score is 15 of 40
Answer Stats
Question Answer % Correct
Which of these parts does Butch steal and store at his hideout in Sandpolis? Tires
79%
At Mushroom Road, what item does the Goddess give the player if they answer her question honestly? Venus Horn
74%
What is the name of the princess that lives in the Fuji City Castle? Nanaha
64%
What item must the player give to Williams of Cloud Hill in order to stop him from starving? Rice ball
64%
Which of these Peach Town residents does NOT take part in any races? Kevin
62%
Where does Jousset, who lives in Peach Town, originally come from? White Mountain
59%
What's the color of the paint shop in Sandpolis? Green
56%
What expression does the crazy artist Maya Carton question you about when you visit her in Chestnut Canyon? Oooh!! Is...art an "explosion"?
51%
In Chestnut Canyon, what is the name of the character at the top of the Rock Climbing course? Mason
49%
In order to reach Papaya Island from White Mountain, which cardinal direction must the player drive? West
49%
How many coconuts are around the coconut shop in Papaya Island? 3
46%
How many races are there in the World Grand Prix? 7
46%
Which of these colours is NOT used by a rival team in the World Grand Prix? Purple
46%
How many cars drive underwater in the moat surrounding Fuji City Castle? 1
44%
Assuming that you have ZERO stamps, but have placed first at all available races, how many characters in Cloud Hill will want to join your team? 2
44%
What is the name of the character that resides in the Temple Under the Sea? Seidon
41%
Assuming the player has visited all locations, how many locations are they able to warp to via the pause menu? 10
38%
Which of these items does the player NOT obtain while driving outside? Package
38%
What trait do all of these characters have in common? Guard, Gate man, Williams They are all stationary
38%
If you added together the number of windmills outside Laz's house, and the number of pyramids on top of Mr. King's House in Sandpolis, what number would you get? 27
36%
Which of these characters challenges the player to the Single Lap Race? Travis
36%
In My City, which of these residents moves in only after Brian's Fire Station is built? Velvet
36%
How many fish does Bunger, the youngest of Keitel's sons, have in the picture on his wall? 1
33%
How many INDIVIDUAL characters does the player need to talk to in order to complete Stamp 7, which involves trading items to acquire a rare magazine for Fight from Peach Town? 7
33%
A harder version of the 2nd Duck question: What is the name of the worker that works in the shop near Fuji Castle? Echigoya sales assistant
33%
Which of these characters drives around the CLOSEST to Klien's message in a bottle? Moisy
31%
Which of these Cloud Hill residents enjoys playing roulette in Sandpolis? Stuart
28%
What is the name of the president of Peach FM? Tim
28%
Final Question: How many trophies can you obtain in My Garage? 25
26%
Simple. What is the code to Keitel's safe? 8361
26%
What unique shared characteristic do Mushroom Road and Cloud Hill both have? They both contain residents who are/make references to gods
26%
What do Shinsaku of Fuji City, and Graham of Chestnut Canyon have in common? They have both driven off a cliff
26%
When playing Roulette, what is the maximum amount of currency you can bet in a single round? 10,000
23%
Including the door window, how many windows are there on Merrin's House in White Mountain? 34
21%
How many years old is the Papu Tree said to be? 2000
18%
Which of these buildings is NOT involved with any stamps in the game? Temple Under the Sea
18%
How many of the 7 gemstones are in contact with some kind of liquid water? 3
15%
How many waterfalls are there in the OVERWORLD (no race courses or minigames)? 6
13%
A harder version of the 3rd Duck question: What is the colour of the paint INSIDE the paint bucket on the roof of the Paint Shop in Sandpolis? Cyan
13%
A harder version of the 1st Duck question: How many palm trees are on the same grassy area surrounding the Coconut Shop on Papaya Island? (Only the part of Papaya Island that Nairo drives around) 11
5%
No matching quizzes found
Score Distribution
Percent of People with Each Score
Percentile by Number Answered
Your Score History
You have not taken this quiz